Dôraz na kvalitu športovej prípravy (rokovalo plénum ÚV ČSZTV)

Bibliographic Details
Format: Article
Language:Slovak
Subjects:

MARC

LEADER 00000nab a2200000 a 4500
001 vtls009324839
003 SK-MaSNL
005 20260303232146.0
008 080821 19730217xo 000 0 slo
015 |a SNBRB1973 
040 |a SNKBUCL  |b slo  |c SNKBUCL  |e AACR2 
041 0 |a slo 
044 |a xo  |c SK 
080 |a 796:061.25  |2 2001 
080 |a 061.25  |2 2001 
080 |a 061.3  |2 2001 
245 0 0 |a Dôraz na kvalitu športovej prípravy  |b (rokovalo plénum ÚV ČSZTV) 
610 2 7 |a Československý zväz telesnej výchovy.  |b Ústredný výbor  |2 snkbucl  |9 240739 
648 7 |a 1972  |2 snkbucl  |9 281644 
650 0 7 |a zasadanie  |2 snkbucl  |9 280253 
773 0 |t Šport  |g (17.2.1973), s. 1 
999 |c 2270398  |d 2272328